| 000 | 00897nam a22002537a 4500 | ||
|---|---|---|---|
| 999 |
_c1826 _d1826 |
||
| 003 | AR-CdUCM | ||
| 008 | 190228b ||||| |||| 00| 0 spa d | ||
| 040 |
_aMUNICIPALIDAD PROVINCIAL DEL CUSCO _cBIBLIOTECA MUNICIPAL DEL CUSCO |
||
| 041 | _hrus | ||
| 082 |
_a891.4 / _bD72 |
||
| 100 |
_aDnieprov, Anatolio. _96698 |
||
| 245 |
_aLa fórmula de la inmortalidad : _bAsí ven los rusos el futuro / |
||
| 260 |
_aBarcelona ; _bMateu, _c1964. |
||
| 300 |
_a249 páginas ; _c18 cm. |
||
| 440 |
_aColección: Todo para muchos. _96699 |
||
| 505 | _aLa fórmula de la inmortalidad - El mundo donde he desaparecido - Los cangrejos de la Isla - El Juego - La tragedia de Rue du Paradis... | ||
| 650 |
_aNovela. _95 |
||
| 650 |
_aRusia. _9499 |
||
| 650 |
_aUnión Soviética. _9496 |
||
| 650 |
_aCiencia-ficción. _91551 |
||
| 650 |
_aLiteratura. _983 |
||
| 942 |
_2ddc _cLIBROS |
||
| 945 |
_admma _d2019-02-28 |
||